Aerospace Publishing Ltd and another v Thames Water Utilities Ltd (Record no. 78540)
[ view plain ]
| 000 -LEADER | |
|---|---|
| fixed length control field | 01615cab a22001935a 4500 |
| 001 - CONTROL NUMBER | |
| control field | L137083 |
| 008 - FIXED-LENGTH DATA ELEMENTS--GENERAL INFORMATION | |
| fixed length control field | 070313e2007 xxk 000 0 eng d |
| 035 ## - SYSTEM CONTROL NUMBER | |
| System control number | (Sirsi) u137083 |
| 041 ## - LANGUAGE CODE | |
| Language code of text/sound track or separate title | eng |
| 245 ## - TITLE STATEMENT | |
| Title | Aerospace Publishing Ltd and another v Thames Water Utilities Ltd |
| Medium | [electronic resource] |
| 260 ## - PUBLICATION, DISTRIBUTION, ETC. | |
| Date of publication, distribution, etc. | 2007 |
| 520 ## - SUMMARY, ETC. | |
| Summary, etc. | [2007] EWCA Civ 3, 11 January 2007. Appeal by water company (T) against the decision ([2005] EWHC 2987 (QB)) that the diminution in value of an archive, partly lost and damaged by flooding, should be calculated by cost of reinstatement of the archive rather than its sale value. The respondent publishing company's (P) archive had been damaged by water escaping from T's water main, and T was liable for loss and damage. P's claim for damages was based on replacing the archive, but T contended P had no intention of doing so. The judge found in P's favour and T appealed. T also objected to the treatment of staff costs in P's claim for damages and argued they should not be recoverable as damages. "Held": P was entitled to recover damages on a reinstatement basis and to recover for the cost of staff time dealing with the aftermath of the flood as the extent of the diversion of staff time had been established. |
| 590 ## - LOCAL NOTE (RLIN) | |
| Local note | KA |
| 650 24 - SUBJECT ADDED ENTRY--TOPICAL TERM | |
| Topical term or geographic name entry element | AEROSPACE PUBLISHING LTD AND ANOTHER V THAMES WATER UTILITIES LTD |
| 651 #4 - SUBJECT ADDED ENTRY--GEOGRAPHIC NAME | |
| Geographic name | England and Wales |
| Chronological subdivision | 1543- |
| 690 ## - LOCAL SUBJECT ADDED ENTRY--TOPICAL TERM (OCLC, RLIN) | |
| Topical term or geographic name as entry element | BUILT ENVIRONMENT-BUILDING COSTS-REINSTATEMENT COSTS |
| 856 40 - ELECTRONIC LOCATION AND ACCESS | |
| Uniform Resource Identifier | <a href="https://www.bailii.org/cgi-bin/markup.cgi?doc=/ew/cases/EWCA/Civ/2007/3.html">https://www.bailii.org/cgi-bin/markup.cgi?doc=/ew/cases/EWCA/Civ/2007/3.html</a> |
| Public note | View the judgment free of charge at www.bailii.org... |
| 942 ## - ADDED ENTRY ELEMENTS (KOHA) | |
| Suppress in OPAC | 0 |
| Withdrawn status | Lost status | Source of classification or shelving scheme | Damaged status | Not for loan | Home library | Current library | Shelving location | Date acquired | Total Checkouts | Full call number | Barcode | Date last seen | Copy number | Price effective from | Koha item type |
|---|---|---|---|---|---|---|---|---|---|---|---|---|---|---|---|
| Dewey Decimal Classification | Virtual | Virtual | Online | 13/03/2007 | ONLINE PUBLICATION | 137083-2001 | 06/08/2019 | 1 | 06/08/2019 | Law report |